[Event "IX EICC"]
[Site "Plovdiv BUL"]
[Date "2008.05.02"]
[Round "11"]
[White "Kozul,Z"]
[Black "Mastrovasilis,A"]
[Result "1-0"]
[WhiteElo "2583"]
[BlackElo "2524"]
[EventDate "2008.04.21"]

1. Nf3 Nf6 2. g3 b6 3. Bg2 Bb7 4. O-O d5 5. d3 Nbd7 6. c4 e6 7. cxd5 Nxd5
8. e4 N5f6 9. Nc3 Be7 10. Re1 O-O 11. d4 c5 12. d5 exd5 13. e5 Ne8 14. Nxd5
Nc7 15. Nxc7 Qxc7 16. Bf4 Qc8 17. Qe2 Nb8 18. e6 fxe6 19. Bh3 Kh8 20. Rad1
Qc6 21. Bg2 Na6 22. Nh4 Qc8 23. Qxe6 Bxg2 24. Qxe7 Rxf4 25. gxf4 Bc6 26.
Qg5 h6 27. Qg3 Qg8 28. Re7 Re8 29. a3 Be4 30. f5 Rxe7 31. Ng6+ Kh7 32. Nxe7
Qe8 33. Qg6+ Qxg6+ 34. fxg6+ Bxg6 35. Nxg6 Kxg6 36. Rd7 c4 37. Rxa7 Nc5 38.
Rc7 Kf5 39. Rc6 Ke4 40. Rxb6 Kf3 41. Rb4 1-0

[Event "IX EICC"]
[Site "Plovdiv BUL"]
[Date "2008.05.02"]
[Round "11"]
[White "Nedev,T"]
[Black "Stefansson,H"]
[Result "1/2-1/2"]
[WhiteElo "2518"]
[BlackElo "2583"]
[EventDate "2008.04.21"]

1. e4 e5 2. Nf3 Nc6 3. d4 exd4 4. Nxd4 Bc5 5. Be3 Qf6 6. c3 Nge7 7. Bc4 O-O
8. O-O h6 9. Nxc6 Qxc6 10. Bxc5 Qxc5 11. Qd4 1/2-1/2

[Event "IX EICC"]
[Site "Plovdiv BUL"]
[Date "2008.05.02"]
[Round "11"]
[White "Mamedov,Nid"]
[Black "Bojkov,D"]
[Result "1-0"]
[WhiteElo "2577"]
[BlackElo "2492"]
[EventDate "2008.04.21"]

1. e4 e5 2. Nf3 Nc6 3. Bb5 a6 4. Ba4 Nf6 5. O-O Be7 6. Re1 b5 7. Bb3 O-O 8.
h3 d6 9. c3 Na5 10. Bc2 c5 11. d3 Re8 12. Nbd2 Bf8 13. Nf1 h6 14. Ne3 Nc6
15. Nh2 d5 16. Qf3 d4 17. Nd5 Re6 18. c4 Rb8 19. Qd1 bxc4 20. dxc4 Nb4 21.
Bb3 Rb7 22. Nf3 Bd7 23. Ba4 Bxa4 24. Qxa4 Ne8 25. Qd1 Nd6 26. b3 a5 27. a4
g6 28. Ba3 Bg7 29. Bxb4 cxb4 30. Rc1 h5 31. h4 Bh6 32. Rc2 Rb8 33. g3 Rc8
34. Ree2 Nb7 35. Ne1 Nc5 36. Ra2 f5 37. exf5 gxf5 38. Nd3 Ne4 39. Qe1 Qe8
40. Rxe4 fxe4 41. Qxe4 Bg7 42. Re2 Rcc6 43. Kg2 Qf7 44. Ne1 Bh6 45. Qd3 Qh7
46. Re4 Qf5 47. Qe2 Be3 48. f3 Rcd6 49. Nd3 Kh7 50. Nc5 Re8 51. Nxe3 dxe3
52. Rxe3 Red8 53. Rxe5 Rd2 54. Rxf5 Rxe2+ 55. Kh3 Kh6 56. g4 hxg4+ 57. Kxg4
Rd4+ 58. Rf4 Rd6 59. Re4 Rg2+ 60. Kf4 Rf6+ 61. Ke3 Rc2 62. Rf4 Rc3+ 63. Ke4
Rd6 64. Ke5 Rd1 65. Rf6+ Kh5 66. f4 Re3+ 67. Kf5 Rd4 68. Re6 Rxe6 69. Kxe6
Rxf4 70. Kd5 Kxh4 71. Nb7 Kg5 72. c5 Kf6 73. Nxa5 Ke7 74. Kc6 Kd8 75. Kb5
Kc7 76. Nc6 Rf3 77. Na5 Rf4 78. Nc4 Rh4 79. Nb6 Rh5 80. a5 Kb7 81. a6+ Ka7
82. Nc8+ Kb8 83. Kb6 Rh7 84. Nd6 Rh6 85. Ka5 Rh4 86. Kb6 Rh6 87. Ka5 Rh4
88. Nb5 Ka8 89. c6 Rh6 90. Kb6 Rh7 91. Nc7+ 1-0

[Event "IX EICC"]
[Site "Plovdiv BUL"]
[Date "2008.05.02"]
[Round "11"]
[White "Llaneza Vega,M"]
[Black "Kotanjian,T"]
[Result "1/2-1/2"]
[WhiteElo "2425"]
[BlackElo "2570"]
[EventDate "2008.04.21"]

1. e4 c5 2. Nf3 d6 3. d4 cxd4 4. Nxd4 Nf6 5. Nc3 a6 6. Be3 e6 7. f3 h5 8.
Qd2 Qc7 9. O-O-O Nbd7 10. Bd3 b5 11. h3 h4 12. a3 Bb7 13. Rhe1 Be7 14. Bg5
Qb6 15. Nb3 Ne5 16. Be3 Qc7 17. Qf2 Nfd7 18. Kb1 Bc6 19. Nd4 Rb8 20. f4
Nxd3 21. cxd3 Ba8 22. f5 e5 23. Nc2 a5 24. Rc1 Nc5 25. Bxc5 dxc5 26. Ne3
Qd6 27. Ncd5 Bg5 28. Qc2 Rc8 29. Rcd1 O-O 30. Rf1 Rfe8 31. Rf3 c4 32. dxc4
Bxe3 33. Rxe3 Rxc4 34. Rc3 Rec8 35. Qe2 Bxd5 36. Rxd5 Qb6 37. Rcd3 Rc1+ 38.
Ka2 b4 39. a4 Qc7 40. Rd2 Rb8 41. Rb5 Rxb5 42. Qxb5 Kh7 43. Qe2 g6 44.
fxg6+ fxg6 45. Rd5 Rc2 46. Qf1 Kh6 47. Kb3 Qc8 48. Rxa5 Rd2 49. Ka2 Qe6+
50. Kb1 Qd6 51. Kc1 b3 52. Rb5 Rd3 53. Rd5 Qc6+ 54. Kb1 Rxd5 55. exd5 Qxd5
56. Qf8+ Kg5 57. Qe7+ Kh5 58. Qh7+ Kg5 59. Qe7+ Kf5 60. Qf8+ Ke4 61. Qf3+
Kd4 62. Qxd5+ Kxd5 63. Kc1 Kc4 64. Kd2 Kb4 65. Kd3 Kxa4 66. Ke4 Kb5 67.
Kxe5 Kc5 68. Ke4 Kc4 69. Ke3 Kd5 70. Kd3 Ke5 71. Kc3 Kf4 72. Kxb3 Kg3 73.
Kc2 Kxg2 74. b4 Kxh3 75. b5 Kg4 76. b6 h3 77. b7 h2 78. b8=Q h1=Q 79. Qc8+
Kf4 80. Qc7+ Kg5 81. Qd8+ 1/2-1/2

[Event "IX EICC"]
[Site "Plovdiv BUL"]
[Date "2008.05.02"]
[Round "11"]
[White "Nanu,C"]
[Black "Stocek,J"]
[Result "1/2-1/2"]
[WhiteElo "2515"]
[BlackElo "2584"]
[EventDate "2008.04.21"]

1. Nf3 Nf6 2. c4 b6 3. Nc3 Bb7 4. d4 e6 5. Bg5 h6 6. Bh4 g5 7. Bg3 Nh5 8.
e3 Nxg3 9. hxg3 Bg7 10. Bd3 Nc6 11. Rc1 1/2-1/2

[Event "IX EICC"]
[Site "Plovdiv BUL"]
[Date "2008.05.02"]
[Round "11"]
[White "Meier,Geo"]
[Black "Zherebukh,Y"]
[Result "1-0"]
[WhiteElo "2560"]
[BlackElo "2446"]
[EventDate "2008.04.21"]

1. e4 e5 2. Nf3 Nc6 3. Bb5 a6 4. Bxc6 dxc6 5. O-O Be7 6. d3 Bf6 7. Nbd2 Ne7
8. d4 Ng6 9. dxe5 Nxe5 10. Nxe5 Bxe5 11. Nc4 Bd6 12. Qd3 Be6 13. Nxd6+ Qxd6
14. Qc3 O-O 15. b3 Rad8 16. Bb2 f6 17. f4 Qd2 18. f5 Qxc3 19. Bxc3 Bd7 20.
Rae1 c5 21. g4 Bc6 22. Re3 Rde8 23. Rfe1 Re7 24. Kf2 Rfe8 25. e5 fxe5 26.
Bxe5 Kf7 27. Kg3 Rd7 28. g5 Rd2 29. R1e2 Rd1 30. Re1 Rd2 31. R3e2 Rd5 32.
h4 Bd7 33. Kf4 g6 34. c4 Rd3 35. Bf6 Rxe2 36. Rxe2 Bxf5 37. Re7+ Kg8 38.
Rxc7 Rd7 39. Rxc5 Bb1 40. Ke5 Kf7 41. a3 Bc2 42. b4 Bb3 43. Rc8 Ba2 44. a4
Bb3 45. a5 Ba2 46. Rc5 Bb3 47. b5 Bd1 48. Rc8 Bf3 49. bxa6 bxa6 50. Rh8 Bg4
51. Rxh7+ Ke8 52. Rh8+ Kf7 53. c5 Bf3 54. Kf4 Rd3 55. Rh7+ Ke8 56. Re7+ Kf8
57. Ra7 Be2 58. c6 1-0

[Event "IX EICC"]
[Site "Plovdiv BUL"]
[Date "2008.05.02"]
[Round "11"]
[White "Vuckovic,Bo"]
[Black "Pileckis,E"]
[Result "1/2-1/2"]
[WhiteElo "2556"]
[BlackElo "2403"]
[EventDate "2008.04.21"]

1. e4 c5 2. Nf3 Nc6 3. d4 cxd4 4. Nxd4 Nf6 5. Nc3 e5 6. Ndb5 d6 7. Bg5 a6
8. Na3 b5 9. Nd5 Be7 10. Bxf6 Bxf6 11. c3 Bg5 12. Nc2 Ne7 13. a4 bxa4 14.
Ncb4 O-O 15. Qxa4 a5 16. Bb5 Nxd5 17. Nxd5 Be6 18. Bc6 Rb8 19. Ra2 Qc8 20.
O-O Bd8 21. Rd1 Kh8 22. b4 Bb6 23. b5 Bxd5 24. Rxd5 Qc7 25. Qc2 g6 26. Rd1
1/2-1/2

[Event "IX EICC"]
[Site "Plovdiv BUL"]
[Date "2008.05.02"]
[Round "11"]
[White "Vasilev,M"]
[Black "Steingrimsson,H"]
[Result "0-1"]
[WhiteElo "2469"]
[BlackElo "2551"]
[EventDate "2008.04.21"]

1. d4 d5 2. c4 dxc4 3. Nf3 Nf6 4. e3 e6 5. Nc3 a6 6. a4 c5 7. Bxc4 Nc6 8.
O-O Be7 9. dxc5 Qxd1 10. Rxd1 Bxc5 11. Bd2 b6 12. Ne2 Ke7 13. Ned4 Nxd4 14.
Nxd4 Bxd4 15. exd4 Bb7 16. Bb4+ Kd7 17. a5 b5 18. Be2 g5 19. Ra3 h5 20. Bf3
Bd5 21. Bc5 g4 22. Be2 Rhg8 23. Rc1 Rac8 24. b4 h4 25. Re3 Nh5 26. Bf1 f5
27. Rec3 Nf6 28. Bb6 Bc6 29. R3c2 Nd5 30. Bc5 Bb7 31. Rb2 Nf4 32. Re1 Nh3+
33. Kh1 Ng5 34. Rb3 Rg7 35. Re5 h3 36. d5 Bxd5 37. Rd3 Rd8 38. Re1 Rdg8 39.
Rc1 Rc8 40. Rcd1 Kc6 41. Bd4 Rh7 42. Rc3+ Kb7 43. Rxc8 Kxc8 44. Be5 Kb7 45.
Kg1 hxg2 46. Bxg2 Bxg2 47. Kxg2 Nf3 48. Bf6 f4 49. h4 Nxh4+ 50. Bxh4 Rxh4
51. Rd6 e5 52. Rb6+ Kc7 53. Re6 g3 54. Re7+ Kb8 55. fxg3 fxg3 56. Rxe5 Rxb4
57. Re6 Kb7 58. Re7+ Kb8 59. Re6 Kb7 60. Re7+ Kc6 61. Re6+ Kc5 62. Rxa6 Ra4
63. Ra8 Kb4 64. a6 Ka3 65. a7 b4 66. Kxg3 b3 0-1

[Event "IX EICC"]
[Site "Plovdiv BUL"]
[Date "2008.05.02"]
[Round "11"]
[White "Kulaots,K"]
[Black "Van Beek,Al"]
[Result "1-0"]
[WhiteElo "2530"]
[BlackElo "2343"]
[EventDate "2008.04.21"]

1. e4 e5 2. Nf3 Nc6 3. Bc4 Bc5 4. c3 Nf6 5. d3 a6 6. Bb3 O-O 7. O-O d6 8.
Bg5 Qe7 9. Nbd2 Nd8 10. d4 Ba7 11. Bh4 Bg4 12. h3 Bh5 13. g4 Bg6 14. d5 c6
15. Qe2 h6 16. Kh2 Bh7 17. g5 hxg5 18. Bxg5 Kh8 19. Rg1 b5 20. Nh4 cxd5 21.
Bxd5 Ne6 22. Nf5 Bxf5 23. exf5 Nxg5 24. Rxg5 e4 25. Bxa8 Qe5+ 26. Kh1 Rxa8
27. Rag1 e3 28. Qf3 Re8 29. fxe3 Bxe3 30. Re1 Qc5 31. Rg2 Re5 32. Nb3 Qa7
33. Qg3 Ne8 34. Nd4 Bxd4 35. Qh4+ Kg8 36. cxd4 Rxe1+ 37. Qxe1 Kf8 38. Qh4
Qb7 39. f6 gxf6 40. Kh2 Qf3 41. Qg4 Qd3 42. Qf4 Ke7 43. Rd2 Qc4 44. Qe4+
Kf8 45. Re2 1-0

[Event "IX EICC"]
[Site "Plovdiv BUL"]
[Date "2008.05.02"]
[Round "11"]
[White "Filip,L"]
[Black "Miroshnichenko,E"]
[Result "1/2-1/2"]
[WhiteElo "2459"]
[BlackElo "2642"]
[EventDate "2008.04.21"]

1. Nf3 c5 2. c4 Nf6 3. d4 cxd4 4. Nxd4 e5 5. Nb5 d5 6. cxd5 Bc5 7. N5c3 O-O
8. g3 e4 9. Bg2 Re8 10. e3 Bf5 11. a3 Nbd7 12. Nd2 Rc8 13. O-O Bb6 14. h3
Bg6 15. Rb1 h5 16. Qe2 h4 17. g4 Ne5 18. Ndxe4 Nxe4 19. Nxe4 Rc4 20. Nd2
Rc2 21. e4 Qf6 22. Kh1 Qf4 23. Nb3 Rxe2 24. Bxf4 Nd3 25. Be3 Bxe3 26. fxe3
Nf2+ 27. Kg1 Nxe4 28. Nd4 Rxe3 29. Rfe1 Nd6 30. Rxe3 Rxe3 31. Rd1 Kf8 32.
Kf2 Re7 33. Rc1 Bd3 34. Bf3 g6 35. b3 Ke8 36. Rc3 Be4 37. Re3 Kd7 38. Re1
a5 39. Re3 Re5 40. Ne2 f5 41. gxf5 gxf5 42. Nf4 b5 43. Re1 a4 44. bxa4 bxa4
45. Bd1 Nc4 46. Bxa4+ Kd6 47. Bc6 Re7 48. a4 Ne5 1/2-1/2

[Event "IX EICC"]
[Site "Plovdiv BUL"]
[Date "2008.05.02"]
[Round "11"]
[White "Pelletier,Y"]
[Black "Damaso,R"]
[Result "1/2-1/2"]
[WhiteElo "2607"]
[BlackElo "2449"]
[EventDate "2008.04.21"]

1. d4 Nf6 2. c4 e6 3. Nf3 b6 4. g3 Ba6 5. b3 b5 6. cxb5 Bxb5 7. Bg2 d5 8.
O-O Nbd7 9. Nc3 Ba6 10. Bb2 Be7 11. Rc1 O-O 12. Rc2 Rc8 13. h3 c5 14. dxc5
Nxc5 15. Qa1 Qb6 16. Rfc1 Rfd8 17. Nd1 Nce4 18. Bd4 Qa5 19. Nb2 Ba3 20.
Rxc8 Rxc8 21. Rxc8+ Bxc8 22. Nd3 Qc7 23. Be5 Qb6 24. Qd1 a5 25. Qc2 Bd7 26.
Bc7 Qa7 27. Be5 h6 28. Bd4 Qb7 29. Nd2 Qc6 30. Qxc6 Bxc6 31. Nxe4 Nxe4 32.
Ne5 Bb5 33. Bxe4 dxe4 34. Nc4 Bb4 35. a4 Ba6 36. Kf1 f5 37. Bb6 Bxc4 38.
bxc4 Kf7 39. f3 exf3 40. exf3 Ke7 41. g4 g6 42. Ke2 Kd6 43. Kd3 e5 44. Be3
1/2-1/2

[Event "IX EICC"]
[Site "Plovdiv BUL"]
[Date "2008.05.02"]
[Round "11"]
[White "Sarakauskas,G"]
[Black "Gajewski,G"]
[Result "0-1"]
[WhiteElo "2449"]
[BlackElo "2601"]
[EventDate "2008.04.21"]

1. d4 Nf6 2. Nf3 g6 3. g3 Bg7 4. Bg2 O-O 5. O-O d6 6. c4 Nbd7 7. Nc3 e5 8.
e4 a6 9. Re1 exd4 10. Nxd4 Ng4 11. h3 Qf6 12. hxg4 Qxd4 13. Qxd4 Bxd4 14.
Nd5 c6 15. Ne7+ Kg7 16. Rd1 c5 17. Bf1 Nf6 18. Nxc8 Raxc8 19. Rxd4 cxd4 20.
f3 Nd7 21. b3 Ne5 22. Be2 d3 23. Bd1 b5 24. cxb5 axb5 25. Bb2 Kg8 26. Kf2
Rfe8 27. a4 bxa4 28. Rxa4 Ra8 29. Rxa8 Rxa8 30. Ke3 Ra2 31. Bc3 Rg2 32. f4
Rg1 33. fxe5 Rxd1 34. exd6 Kf8 35. g5 Ke8 36. Bd2 Rg1 37. Kf2 Rh1 38. b4
Kd7 39. Bf4 Rh2+ 40. Ke1 Re2+ 41. Kd1 Rxe4 42. Kd2 Rxb4 43. Kxd3 Rxf4 44.
gxf4 Kxd6 45. Kd4 Ke6 46. Ke4 f6 47. gxf6 Kxf6 48. Ke3 Kf5 49. Kf3 h6 50.
Kg3 h5 51. Kf3 h4 52. Ke3 Kg4 0-1

[Event "IX EICC"]
[Site "Plovdiv BUL"]
[Date "2008.05.02"]
[Round "11"]
[White "Smirnov,Arte"]
[Black "Savchenko,B"]
[Result "0-1"]
[WhiteElo "2438"]
[BlackElo "2569"]
[EventDate "2008.04.21"]

1. d4 Nf6 2. c4 e6 3. Nc3 Bb4 4. e3 b6 5. Nge2 Ba6 6. Ng3 c5 7. d5 O-O 8.
Bd2 Qe7 9. a3 Ba5 10. Qf3 d6 11. Rb1 b5 12. b4 cxb4 13. axb4 Bb6 14. Nxb5
Bxb5 15. cxb5 Nxd5 16. Bc4 Nc7 17. O-O Nd7 18. Qe2 Ne5 19. Bb3 Qd7 20. f4
Ng6 21. Bc4 d5 22. Bd3 f5 23. Kh1 Ne8 24. Rbc1 Nd6 25. Rc6 Ne7 26. Rcc1
Rfc8 27. h3 Rxc1 28. Rxc1 Rc8 29. Kh2 g6 30. Rxc8+ Qxc8 31. Qd1 Nc4 32. Qc1
Kf7 33. Ne2 Nxd2 34. Qxd2 Qh8 35. Bb1 Qa1 36. Bd3 g5 37. fxg5 Qe5+ 38. Kh1
Qxe3 39. Qd1 Qxg5 40. Ng1 Qe3 41. Nf3 Ng6 42. h4 h6 43. Bf1 Nxh4 44. Be2
Nxf3 45. Bxf3 Qf2 46. g4 Bc7 47. Qe2 Qxe2 48. Bxe2 f4 0-1

[Event "IX EICC"]
[Site "Plovdiv BUL"]
[Date "2008.05.02"]
[Round "11"]
[White "Cao Sang"]
[Black "Morchiashvili,B"]
[Result "1/2-1/2"]
[WhiteElo "2535"]
[BlackElo "2421"]
[EventDate "2008.04.21"]

1. e4 c6 2. d4 d5 3. e5 Bf5 4. Be3 e6 5. Nd2 Nd7 6. c3 Qb6 7. b4 a5 8. a3
f6 9. Nb3 a4 10. Nc5 Bxc5 11. bxc5 Qb3 12. Qc1 fxe5 13. Nf3 Nh6 14. dxe5
Qc2 15. Qxc2 Bxc2 16. Kd2 Bf5 17. Bd3 Bxd3 18. Kxd3 Nf7 19. Bd4 Ra5 20.
Rhb1 Nd8 21. Rb4 b5 22. Kc2 Nb7 23. Be3 Nbxc5 24. Nd4 Nxe5 25. Nxb5 Nb3 26.
Nd6+ Ke7 27. Re1 Kxd6 28. Bf4 c5 29. Rb6+ Kd7 30. Bxe5 Rf8 31. Bg3 Rf6 32.
f3 Rg6 33. Rd6+ Ke7 34. Rxd5 Ra7 35. f4 Rd7 36. Rxd7+ Kxd7 37. Re4 Na5 38.
Rxa4 Nc6 39. Rc4 h5 40. Rxc5 h4 41. Bxh4 Rxg2+ 42. Kb3 Rxh2 43. Bg5 Rh3 44.
Kc4 Rh1 45. Rb5 Ra1 46. Rb7+ Kd6 47. Rxg7 Rxa3 48. Rh7 Ra4+ 49. Kb3 Re4 50.
Rh2 Kc5 51. Rf2 Na5+ 52. Kc2 Kc4 53. f5 exf5 54. Rxf5 Nb3 1/2-1/2

[Event "IX EICC"]
[Site "Plovdiv BUL"]
[Date "2008.05.02"]
[Round "11"]
[White "Loeffler,S"]
[Black "Tahirov,F"]
[Result "1-0"]
[WhiteElo "2409"]
[BlackElo "2533"]
[EventDate "2008.04.21"]

1. d4 d5 2. c4 e6 3. Nf3 Nf6 4. Bg5 Nbd7 5. Nc3 Bb4 6. cxd5 exd5 7. Qc2 c5
8. a3 Qa5 9. Bd2 c4 10. e4 dxe4 11. Nxe4 Bxd2+ 12. Qxd2 Qd5 13. Nc3 Qe6+
14. Be2 O-O 15. d5 Qd6 16. Bxc4 Nb6 17. Be2 Nbxd5 18. O-O Be6 19. Ng5 Rad8
20. Rfd1 Qe5 21. Nxe6 Nxc3 22. Qxc3 Qxc3 23. bxc3 fxe6 24. Rd4 Rxd4 25.
cxd4 Rd8 26. Rd1 Rc8 27. Kf1 b6 28. Ke1 Rc3 29. Rd3 Rc1+ 30. Kd2 Ra1 31.
Bf3 Ra2+ 32. Ke3 Rc2 33. d5 e5 34. d6 Rc8 35. Bd5+ Kf8 36. Be6 Ra8 37. f4
e4 38. Rd4 Re8 39. f5 Rd8 40. Kf4 Ne8 41. Ke5 e3 42. Bc4 Nf6 43. Kf4 Ne8
44. d7 Nf6 45. Kxe3 Rxd7 46. Rxd7 Nxd7 47. Kd4 Nf6 48. h3 Ke7 49. Ke5 h6
50. Bb5 a5 51. g4 Nh7 52. Kd5 Ng5 53. h4 Nf7 54. Kc6 Ne5+ 55. Kxb6 Nxg4 56.
Kxa5 Ne3 57. Bd3 Kd6 58. Kb5 Ng2 59. a4 Kc7 60. Kc5 Nf4 61. Be4 Ne2 62. a5
Ng3 63. Bc6 Nxf5 64. a6 Nd4 65. a7 1-0

[Event "IX EICC"]
[Site "Plovdiv BUL"]
[Date "2008.05.02"]
[Round "11"]
[White "Rusev,K"]
[Black "Dimitrov,Pa"]
[Result "1-0"]
[WhiteElo "2516"]
[BlackElo "2414"]
[EventDate "2008.04.21"]

1. d4 d5 2. Nf3 Nf6 3. c4 c6 4. Nc3 g6 5. Bf4 Bg7 6. e3 O-O 7. h3 Nbd7 8.
Rc1 a6 9. cxd5 cxd5 10. Qb3 Qb6 11. Qa3 Qd8 12. Be2 b6 13. O-O Bb7 14. Na4
Rc8 15. Rxc8 Qxc8 16. Qxe7 Ne4 17. Nc3 Re8 18. Qb4 Nxc3 19. bxc3 b5 20. a4
bxa4 21. Qxa4 Nb6 22. Qb3 Nc4 23. Rb1 Bc6 24. Bxc4 dxc4 25. Qxc4 Qf5 26.
Nd2 Bb5 27. Qa2 h5 28. c4 Bd7 29. Nf3 Qe4 30. Ng5 Qf5 31. d5 a5 32. c5 Ba4
33. Rc1 Bb5 34. c6 a4 35. d6 Ra8 36. d7 Bxc6 37. Rxc6 Qxd7 38. Rxg6 Qd1+
39. Kh2 Qb3 40. Rxg7+ Kxg7 41. Qa1+ Kg6 42. Qe5 Qd3 43. Ne4 Qd8 44. Nd6 Ra5
45. Qe4+ Kg7 46. Ne8+ Kg8 47. Bc7 Qg5 48. Nf6+ Qxf6 49. Bxa5 a3 50. Bc7 Qa6
51. Qe8+ Kg7 52. Be5+ f6 53. Qe7+ Kg6 54. Ba1 a2 55. Qf8 Qe6 56. f4 h4 57.
Qh8 Kf7 58. Qxh4 Qc6 59. Qh7+ Kf8 60. Qf5 Ke7 61. h4 Qa6 62. h5 Qe2 63.
Bxf6+ Kd6 64. h6 Qf2 65. h7 a1=Q 66. Bxa1 Qh4+ 67. Qh3 1-0

[Event "IX EICC"]
[Site "Plovdiv BUL"]
[Date "2008.05.02"]
[Round "11"]
[White "Szabo,G ROM"]
[Black "Milchev,N"]
[Result "1-0"]
[WhiteElo "2516"]
[BlackElo "2415"]
[EventDate "2008.04.21"]

1. e4 e5 2. Nc3 Nf6 3. g3 Bc5 4. Bg2 a6 5. Nf3 d6 6. d4 exd4 7. Nxd4 O-O 8.
h3 Re8 9. O-O Nc6 10. Nde2 Rb8 11. Nf4 b5 12. Nfd5 Nxd5 13. Nxd5 Bb7 14.
Kh2 Ne7 15. Bg5 Bxd5 16. exd5 h6 17. Bd2 Qd7 18. b4 Bb6 19. a4 Ng6 20. f4
Be3 21. f5 Nf8 22. f6 Bxd2 23. Qxd2 g5 24. h4 Re5 25. Bh3 Qe8 26. Rae1 Nh7
27. Rxe5 Qxe5 28. Rf5 Qe4 29. axb5 axb5 30. hxg5 Nxg5 31. Rf4 Qe5 32. Bd7
Ra8 33. Bxb5 Ra1 34. Qe2 Re1 35. Qg4 Qxd5 36. Qc8+ Kh7 37. Bd3+ Ne4 38. Qg4
1-0

[Event "IX EICC"]
[Site "Plovdiv BUL"]
[Date "2008.05.02"]
[Round "11"]
[White "Heberla,B"]
[Black "Marholev,D"]
[Result "1-0"]
[WhiteElo "2509"]
[BlackElo "2400"]
[EventDate "2008.04.21"]

1. e4 e5 2. Nf3 Nc6 3. Bc4 Nf6 4. d3 h6 5. O-O d6 6. c3 g6 7. d4 Qe7 8.
Nbd2 Bg7 9. Re1 O-O 10. h3 Nh7 11. Nf1 Ng5 12. N1h2 Nxf3+ 13. Nxf3 Na5 14.
Bf1 c5 15. Be3 exd4 16. cxd4 Nc6 17. dxc5 dxc5 18. Qc1 b6 19. Bxh6 Ne5 20.
Nxe5 Qxe5 21. Bxg7 Kxg7 22. Qc3 Qxc3 23. bxc3 Be6 24. a4 Rfd8 25. a5 Bb3
26. Bb5 a6 27. Bc6 Rab8 28. Reb1 c4 29. axb6 Rxb6 30. Bd5 Rbd6 31. Ra5 f5
32. f3 fxe4 33. fxe4 Re8 34. Rba1 Bc2 35. Rxa6 Rxa6 36. Rxa6 Bxe4 37. Bxe4
Rxe4 38. Rc6 Rf4 39. Kh2 g5 40. g4 Re4 41. Kg2 Re2+ 42. Kf3 Rh2 43. Ke4
Rxh3 44. Rxc4 1-0

[Event "IX EICC"]
[Site "Plovdiv BUL"]
[Date "2008.05.02"]
[Round "11"]
[White "Sebenik,M"]
[Black "Vehi Bach,V"]
[Result "1-0"]
[WhiteElo "2502"]
[BlackElo "2381"]
[EventDate "2008.04.21"]

1. d4 Nf6 2. c4 e6 3. g3 d5 4. Bg2 a6 5. Nf3 dxc4 6. O-O Nc6 7. e3 Bd7 8.
Nc3 Nd5 9. Nd2 Nb6 10. Qe2 Na5 11. Nde4 Be7 12. Bd2 O-O 13. Rfd1 Qe8 14.
Nc5 Rb8 15. Nxd7 Qxd7 16. d5 e5 17. Ne4 c3 18. Bxc3 Nac4 19. a4 f5 20. a5
fxe4 21. axb6 Nxb6 22. Bxe5 Bf6 23. Bxf6 Rxf6 24. Bxe4 Rd6 25. Qd3 g6 26.
Qb3 1-0

[Event "IX EICC"]
[Site "Plovdiv BUL"]
[Date "2008.05.02"]
[Round "11"]
[White "Koepke,C"]
[Black "Colovic,A"]
[Result "1-0"]
[WhiteElo "2296"]
[BlackElo "2493"]
[EventDate "2008.04.21"]

1. e4 c5 2. Nf3 d6 3. d4 cxd4 4. Nxd4 Nf6 5. Nc3 a6 6. Be3 e5 7. Nb3 Be6 8.
f4 exf4 9. Bxf4 Nc6 10. Qe2 Be7 11. h3 Nd7 12. O-O-O Nce5 13. g4 Rc8 14.
Qe1 Bg5 15. Bxg5 Qxg5+ 16. Kb1 Bxb3 17. axb3 Rc6 18. Be2 Nb6 19. Qg3 O-O
20. h4 Qe7 21. g5 Rc5 22. Rd2 f6 23. gxf6 Rxf6 24. h5 Nf7 25. Bc4 Nxc4 26.
bxc4 Qe5 27. Qd3 Rf4 28. Rg2 Ng5 29. h6 g6 30. Nd5 Rf7 31. Rhg1 Ne6 32. Rf1
Nc7 33. Rxf7 Kxf7 34. Qf3+ Ke8 35. Nf6+ Ke7 36. Nxh7 Kd7 37. Nf6+ Kc6 38.
h7 Rxc4 39. h8=Q Rb4 40. c3 Rb3 41. Qh2 1-0

[Event "IX EICC"]
[Site "Plovdiv BUL"]
[Date "2008.05.02"]
[Round "11"]
[White "Skoberne,J"]
[Black "Atakisi,U"]
[Result "1-0"]
[WhiteElo "2492"]
[BlackElo "2365"]
[EventDate "2008.04.21"]

1. c4 c5 2. Nf3 Nc6 3. d4 cxd4 4. Nxd4 Qb6 5. Nc2 Nf6 6. Nc3 e6 7. e3 Be7
8. Be2 O-O 9. O-O Qc7 10. e4 a6 11. Bd2 Rd8 12. Ne3 b6 13. Rc1 Bb7 14. f4
Nd4 15. Bd3 d6 16. Nc2 Nxc2 17. Rxc2 e5 18. Nd5 Nxd5 19. cxd5 Qd7 20. Be3
b5 21. fxe5 dxe5 22. Qh5 Bd6 23. Be2 Qe7 24. Bg4 Bc8 25. Rfc1 Bd7 26. Qh3
Bxg4 27. Qxg4 a5 28. Bb6 Rf8 29. g3 a4 30. Qe2 b4 31. Rc6 f5 32. Bc7 Bxc7
33. Rxc7 Qg5 34. exf5 Qxf5 35. d6 Rad8 36. Qc4+ Kh8 37. Rf1 Qxf1+ 38. Qxf1
Rxf1+ 39. Kxf1 Kg8 40. d7 Kf7 41. Rb7 b3 42. axb3 axb3 43. Ke2 Ke6 44. Kd3
Kd5 45. Ra7 h5 46. h4 e4+ 47. Ke3 Ke5 48. Rb7 g6 49. Rb5+ Ke6 50. Kxe4 Rxd7
51. Rb6+ Kf7 52. Rxb3 Rd2 53. Rf3+ Ke6 54. b3 Rd1 55. Rd3 Rg1 56. Kd4 Kd6
57. Rf3 Rd1+ 58. Kc4 Rc1+ 59. Kb5 g5 60. hxg5 Rc5+ 61. Kb6 Rxg5 62. b4 Kd5
63. b5 Kc4 64. Ka6 Kb4 65. b6 Ra5+ 66. Kb7 Rg5 67. Ka7 Ra5+ 68. Kb8 Kb5 69.
b7 Ra1 70. Kc7 Rc1+ 71. Kd7 1-0

[Event "IX EICC"]
[Site "Plovdiv BUL"]
[Date "2008.05.02"]
[Round "11"]
[White "Hoffmann,Mi1"]
[Black "Milovic,J"]
[Result "1-0"]
[WhiteElo "2471"]
[BlackElo "2280"]
[EventDate "2008.04.21"]

1. d4 c5 2. d5 e6 3. Nc3 a6 4. e4 b5 5. dxe6 fxe6 6. e5 Nc6 7. Nf3 Bb7 8.
Bd3 Qc7 9. Bf4 c4 10. Be4 b4 11. Ne2 Bc5 12. c3 Nge7 13. Qc2 O-O-O 14. O-O
Ng6 15. Bg3 Rhf8 16. Rac1 b3 17. axb3 cxb3 18. Qxb3 Rf7 19. Qc2 Rdf8 20.
Ng5 Rf5 21. Bxf5 Rxf5 22. Ne4 Ncxe5 23. Nd4 Ba7 24. Kh1 Rh5 25. Qe2 Rh6 26.
f4 Ng4 27. f5 Rxh2+ 28. Kg1 N6e5 29. fxe6 Qd8 30. Nd6+ Kb8 31. Nxb7 Kxb7
32. Bxh2 1-0

[Event "IX EICC"]
[Site "Plovdiv BUL"]
[Date "2008.05.02"]
[Round "11"]
[White "Efimov,Ig"]
[Black "Galopoulos,N"]
[Result "0-1"]
[WhiteElo "2469"]
[BlackElo "2243"]
[EventDate "2008.04.21"]

1. d4 Nf6 2. c4 e6 3. Nf3 c5 4. Nc3 cxd4 5. Nxd4 Nc6 6. a3 Be7 7. e4 O-O 8.
Nc2 a6 9. Be3 Qc7 10. f4 d6 11. b4 Rd8 12. Rc1 d5 13. cxd5 exd5 14. Nxd5
Nxd5 15. exd5 Bf6 16. Bc4 Bc3+ 17. Kf2 Bb2 18. Rb1 Ne7 19. Bb3 Bf6 20. Qf3
Bf5 21. g4 Bh4+ 22. Kg2 Bxc2 23. Rhc1 Bxb3 24. Rxc7 Bxd5 25. Rxb7 Bxf3+ 26.
Kxf3 Rd3 27. Ke4 Rxa3 28. Bc5 Re8 29. g5 Ng6+ 30. Kf5 Rf3 31. Bd6 Rd3 32.
Rb6 Rd5+ 33. Kg4 f5+ 34. gxf6 Bxf6 35. Rxa6 h5+ 36. Kg3 Rd3+ 37. Kf2 Bd4+
38. Kg2 Re2+ 0-1

[Event "IX EICC"]
[Site "Plovdiv BUL"]
[Date "2008.05.02"]
[Round "11"]
[White "Mladenov,P"]
[Black "Rasmussen,Kar"]
[Result "1/2-1/2"]
[WhiteElo "2371"]
[BlackElo "2486"]
[EventDate "2008.04.21"]

1. d4 d5 2. Nf3 Nf6 3. e3 c5 4. b3 Nc6 5. Bb2 Bf5 6. a3 e6 7. Nbd2 Be7 8.
Be2 O-O 9. O-O Ne4 10. Nxe4 dxe4 11. Ne5 Nxe5 12. dxe5 Qc7 13. c4 Rfd8 14.
Qc2 Rd7 15. Rfd1 Rad8 16. Rxd7 Rxd7 17. Rd1 g5 18. Rxd7 Qxd7 19. Qd1 Qxd1+
20. Bxd1 g4 21. g3 Kg7 22. Kf1 Kh6 23. Be2 Kg5 24. Ke1 Bg6 25. Bd1 Kf5 26.
Be2 h5 27. Bd1 Bd8 28. Bc3 Bc7 29. Be2 Bxe5 30. Bxe5 Kxe5 31. Kd2 Kd6 32.
Kc3 e5 33. Bd1 f5 34. Bc2 Be8 35. Bd1 Bc6 36. Bc2 a6 37. Bd1 Kc7 38. Bc2
Bd7 39. Bd1 Be6 40. Bc2 Bd7 41. Bd1 Kd6 42. Bc2 Ke7 43. Bd1 h4 44. Bc2 hxg3
45. hxg3 Kd6 46. Bd1 Kc7 47. Bc2 Kb6 48. Bd1 Ka5 49. Bc2 Be6 50. Bd1 b5 51.
Bc2 b4+ 52. Kb2 bxa3+ 53. Kxa3 Kb6 54. Bd1 a5 55. Bc2 Bd7 56. Bd1 Be8 57.
Bc2 Bd7 1/2-1/2

[Event "IX EICC"]
[Site "Plovdiv BUL"]
[Date "2008.05.02"]
[Round "11"]
[White "Chigladze,I"]
[Black "Papin,V"]
[Result "0-1"]
[WhiteElo "2384"]
[BlackElo "2483"]
[EventDate "2008.04.21"]

1. d4 Nf6 2. c4 e6 3. Nc3 Bb4 4. Qc2 c5 5. dxc5 Qc7 6. a3 Bxc5 7. b4 Be7 8.
Nb5 Qc6 9. Nf3 d6 10. e4 a6 11. Nxd6+ Qxd6 12. e5 Qc7 13. exf6 Bxf6 14. Bb2
Nd7 15. c5 Ne5 16. Be2 Bd7 17. O-O Bc6 18. Nd4 Bd5 19. Qa4+ Ke7 20. Qc2 Ng6
21. Bc4 Bxd4 22. Bxd4 Bxg2 23. c6 Qxc6 24. Rfe1 Nf4 25. h4 Bd5 26. Bd3 Qxc2
27. Bxc2 f6 28. Bc5+ Kf7 29. Re3 Rac8 30. Bd1 e5 31. Bg4 Rc6 32. Bd7 Rc7
33. Bf5 g6 34. Bg4 h5 35. Bd1 Ne6 36. Rd3 Be4 37. Rd6 Nxc5 38. bxc5 Rxc5
39. Bb3+ Kg7 40. Rd7+ Kh6 41. Rf7 Rc3 42. Be6 f5 43. Rd1 Rc6 44. Re7 Rd8
45. Re1 Rcd6 46. f3 Bxf3 47. Rxe5 Bd5 48. Bxf5 gxf5 49. Rxf5 Rg6+ 50. Kf2
Rdd6 51. Ree5 Be6 52. Rxh5+ Kg7 53. Rc5 Rd7 54. Rhe5 Bf7 55. Re4 Rf6+ 56.
Kg1 Rd1+ 57. Kh2 Rd2+ 58. Kg3 Rd3+ 59. Kg4 Rxa3 60. Rce5 Rg6+ 61. Kf4 Rag3
62. Re1 R3g4+ 63. Kf3 Rxh4 64. Re7 Rf6+ 65. Kg3 Rb4 66. R1e5 b5 67. Ra7 Kg6
68. Rc5 Rb3+ 69. Kg2 Rd6 70. Rc2 Bc4 71. Kh2 Rbd3 72. Rg2+ Kf6 73. Rg4 Be6
74. Rgg7 Rd2+ 75. Kg3 R6d3+ 76. Kf4 Rf2+ 0-1